Ochrana pred požiarmi a riešenie mimoriadnej udalosti v podmienkach ŽSR = Fire prevention and solving emergency cases in coditions of ŽSR : Diplomová práca

Na minha lista:
Detalhes bibliográficos
Autor principal: Jankolová, Daša (Author)
Outros Autores: Balog, Karol, 1949- (xxx)
Formato: Manuscrito Livro
Idioma:eslovaco
Publicado em: Trnava : STU v Bratislave MTF UBEI, 2009
Assuntos:
Tags: Adicionar Tag
Sem tags, seja o primeiro a adicionar uma tag!

MARC

LEADER 00000ntm a22000003a 4500
001 stu180097
005 20160719160122.0
008 090216s2009----xo------------------slo-d
040 |a STU  |b slo 
041 0 |a slo 
044 |a xo 
100 1 |a Jankolová, Daša  |4 aut 
245 1 |a Ochrana pred požiarmi a riešenie mimoriadnej udalosti v podmienkach ŽSR = Fire prevention and solving emergency cases in coditions of ŽSR :  |b Diplomová práca 
260 |a Trnava :  |b STU v Bratislave MTF UBEI,  |c 2009 
300 |a 71 s  |c 1 CD-ROM 
500 |a Študijný program: environmentálne a bezpečnostné inžinierstvo 
500 |a Kombinácia študijných odborov: 4.3.2 environmentálne inžinierstvo, 8.3.5 bezpečnosť a ochrana zdravia pri práci 
650 7 |a požiarna ochrana  |2 stusub 
700 1 |a Balog, Karol,  |d 1949-  |4 xxx  |u M5000  |U MTF Materiálovotechnologická fakulta  |T MTF Ústav bezpečnosti, environmentu a kvality  |X 243  |U M5000  |Y 85  |7 A000000243 
996 |b 284M069668  |c M*DP-7523  |l MMSKP  |s P  |a 0  |w stu180097_0001